А истина одна: документальная повесть

Podrobná bibliografie
Hlavní autor: Гайдаенко И. П. Иван Петрович
Shrnutí:Исключено из фонда НТБ ТПУ
Jazyk:ruština
Vydáno: Киев, Радянськый пысьмэннык, 1985
Médium: MixedMaterials Kniha
KOHA link:https://koha.lib.tpu.ru/cgi-bin/koha/opac-detail.pl?biblionumber=315017

MARC

LEADER 00000nam0a2200000 4500
001 315017
005 20231101014748.0
035 |a (RuTPU)RU\TPU\book\340450 
090 |a 315017 
100 |a 20160224d1985 m y0rusy50 ca 
101 0 |a rus 
102 |a UA 
105 |a y z 000ay 
200 1 |a А истина одна  |e документальная повесть  |f И. П. Гайдаенко 
210 |a Киев  |c Радянськый пысьмэннык  |d 1985 
215 |a 237 с. 
333 |a Исключено из фонда НТБ ТПУ 
700 1 |a Гайдаенко  |b И. П.  |g Иван Петрович 
801 1 |a RU  |b 63413507  |c 20160224 
801 2 |a RU  |b 63413507  |c 20220517  |g RCR 
942 |c BK